TOP 50 musiques français (hip-hop,rap ) - Statistiques

Statistiques générales
  • Ce quiz a été pris 292 fois
  • Le résultat moyen est 5 sur 50
Statistiques - réponses
artiste titres % Correct
2 carbone imagine
71%
4 gims spider
67%
3 guy2Bezbar monaco
54%
14 jungeli petit genie
38%
1 gims sois pas timide
36%
10 theodord wayeh
35%
22 heuss l enfoire werenoi melanine
20%
24 franglish keblack boucan
18%
30 yorssy crf
18%
31 dadi bah ouais
16%
13 ninho niskakoba lad 911
14%
19 santa recommence moi
14%
33 tiakola.. manon b
13%
12 lacrim no lo se
13%
20 tiakola pona nini
13%
5 floyymenor gata only
12%
50 ven1 ramos vanilla
12%
45 bouss ca parle mal
10%
9 billie eilish birds of a feather
9%
47 amk malya
9%
42 aya nakamoura 42
8%
6 dua lipa training season
8%
49 keblack aucune attache
7%
40 vacra ... confidence
5%
48 lacrim... joie de filles
3%
18 sdm toka
3%
8 leto j crois qu il on pas compris
2%
35 pierre garnier nous on sais
2%
28 myles smith stargazing
2%
34 gims vent du nord
2%
36 dasha austin
1%
11 damso ego
1%
16 charli xcxbillie eilish guess featuring
1%
46 david guetta i don t wanna wait
1%
23 accaoui dafina gims ma bella
1%
38 wensly moula
1%
44 amir sommet
1%
32 dosseh yezzir
1%
43 le d c est tout
0%
7 the weekend dancing the flames
0%
41 filest elephants
0%
27 vent1 hakatet
0%
29 lewçs evans..... HEATHER
0%
25 ridi i cloud be your daddy
0%
26 jake evan let it go
0%
21 santi man minuit a cuba
0%
39 yseult mtv
0%
17 david guetta never going home tonight
0%
37 rz peirph
0%
15 whities tim burton
0%
Aucun quiz correspondant
Distribution des résultats
% des personnes avec chaque résultat
Percentile par nombre de réponses
Votre historique - résultats
Vous n’avez pas pris ce quiz